[Event "Elit(Kamraterna-Vasteras)"]
[Site "?"]
[Date "2011.03.13"]
[Round "11"]
[White "Eriksson, Johan"]
[Black "Svensson, Bengt"]
[Result "1/2-1/2"]
[WhiteElo "2447"]
[BlackElo "2479"]
[PlyCount "56"]

1. d4 d5 2. c4 c6 3. Nf3 Nf6 4. Nc3 dxc4 5. e4 b5 6. e5 Nd5 7. a4 e6 8. axb5
Nxc3 9. bxc3 cxb5 10. Ng5 Bb7 11. Qh5 g6 12. Qg4 Be7 13. Be2 Bd5 14. Bf3 Nc6
15. O-O Qd7 16. Re1 h5 17. Qg3 Bxg5 18. Bxg5 Bxf3 19. Qxf3 Qd5 20. Qf6 Rh7 21.
Ra6 Kd7 22. Rea1 Kc7 23. Rxc6+ Qxc6 24. Ra6 Qxa6 25. Qe7+ Kb8 26. Qe8+ Kc7 27.
Qe7+ Kb8 28. Qe8+ Kc7 1/2-1/2

[Event "Elit(Kamraterna-Vasteras)"]
[Site "?"]
[Date "2011.03.13"]
[Round "11"]
[White "Akbarinia, Arash"]
[Black "Akesson, Ralf"]
[Result "1/2-1/2"]
[WhiteElo "2326"]
[BlackElo "2448"]
[PlyCount "112"]
[EventDate "2011.??.??"]

1. d4 Nf6 2. Nf3 e6 3. g3 b5 4. Bg2 Bb7 5. O-O c5 6. c3 Na6 7. Nbd2 Be7 8. Re1
Rc8 9. e4 cxd4 10. Nxd4 Qb6 11. a3 Nc5 12. Qe2 a6 13. N4b3 e5 14. Nxc5 Rxc5 15.
Nf1 Qe6 16. Bg5 O-O 17. Bxf6 Bxf6 18. Ne3 Bg5 19. Rad1 g6 20. Rd3 Bxe3 21. Qxe3
d6 22. Red1 Rc6 23. f4 Kg7 24. Qa7 Bc8 25. f5 Qf6 26. Rf1 g5 27. Rfd1 Rd8 28.
Bf3 Rd7 29. Qe3 Bb7 30. R1d2 Kf8 31. h4 gxh4 32. Rh2 Qg7 33. g4 f6 34. Rxh4 Ke7
35. Rd2 Kd8 36. Rdh2 Kc7 37. Qh6 Qh8 38. Qe3 Rc4 39. Rg2 Qf8 40. g5 fxg5 41.
Qxg5 d5 42. exd5 Rxh4 43. Qxh4 Qxf5 44. Qf2 Qf8 45. Qe3 Qd6 46. Rg8 Qb6 47. Kf2
Rf7 48. Rc8+ Bxc8 49. d6+ Qxd6 50. Qa7+ Kd8 51. Qxf7 h6 52. Ke3 Bd7 53. Be4
Qc5+ 54. Kd2 Kc7 55. Kc2 Qc4 56. Qf6 Qc5 1/2-1/2

[Event "Elit(Kamraterna-Vasteras)"]
[Site "?"]
[Date "2011.03.13"]
[Round "11"]
[White "Norberg, Johan"]
[Black "Svenn, Matti"]
[Result "1-0"]
[WhiteElo "2370"]
[BlackElo "2262"]
[PlyCount "97"]
[EventDate "2011.??.??"]

1. e4 c5 2. Nf3 d6 3. c3 Nf6 4. h3 g6 5. Bd3 Bg7 6. Bc2 O-O 7. O-O Nc6 8. d4
cxd4 9. cxd4 d5 10. e5 Ne8 11. Nc3 Nc7 12. Be3 f6 13. exf6 exf6 14. Qd2 Be6 15.
Ne2 Bf7 16. h4 Ne6 17. h5 Re8 18. b4 Bf8 19. a3 a5 20. b5 Na7 21. hxg6 hxg6 22.
Qd3 Nc8 23. Ng3 Nd6 24. Rae1 Rc8 25. Bb1 Bg7 26. a4 Qc7 27. Rc1 Qd8 28. Ne2 Nc4
29. Nf4 Nxe3 30. fxe3 Rxc1 31. Rxc1 Nxf4 32. exf4 Qd6 33. Qd2 Bf8 34. Nh4 Kg7
35. Kh2 Qb4 36. Qd1 Bd6 37. Qg4 Rh8 38. Bxg6 Rxh4+ 39. Qxh4 Bxg6 40. Rc8 Kf7
41. Qg4 f5 42. Qe2 Kf6 43. Qf2 Kf7 44. Qe3 Kf6 45. Rd8 b6 46. Rd7 Bf7 47. Rb7
Qxa4 48. Rxb6 Qb4 49. Qe5+ 1-0

[Event "Elit(Kamraterna-Vasteras)"]
[Site "?"]
[Date "2011.03.13"]
[Round "11"]
[White "Madebrink, Lars"]
[Black "Norberg, Erik"]
[Result "1-0"]
[WhiteElo "2255"]
[BlackElo "2243"]
[PlyCount "81"]

1. d4 g6 2. Nf3 Bg7 3. g3 Nf6 4. Bg2 c5 5. c4 cxd4 6. Nxd4 Nc6 7. O-O O-O 8.
Nc3 Nxd4 9. Qxd4 d6 10. Qd3 Nd7 11. b3 Rb8 12. Be3 a6 13. Rac1 b6 14. Rfd1 Bb7
15. Nd5 Ba8 16. Bg5 Bxd5 17. cxd5 Nc5 18. Qd2 a5 19. Rc2 Qd7 20. Rdc1 Rfc8 21.
h4 Rc7 22. Kh2 Qb5 23. Rc4 Qa6 24. Bf4 Rbc8 25. Bh3 f5 26. Qe3 b5 27. R4c2 b4
28. h5 Qb7 29. hxg6 hxg6 30. Bg2 Qb5 31. g4 Qd7 32. gxf5 Qxf5 33. Bh3 Qh5 34.
Rg1 Bf6 35. Rc4 Kg7 36. Bg5 Rf8 37. Rcg4 Nb7 38. Qg3 Rc3 39. e3 Rc2 40. Rg2 Nc5
41. Bh6+ 1-0

[Event "Elit(Kamraterna-Vasteras)"]
[Site "?"]
[Date "2011.03.13"]
[Round "11"]
[White "Nilsson, Andre"]
[Black "Andersson, Michael"]
[Result "1-0"]
[WhiteElo "2302"]
[BlackElo "2221"]
[PlyCount "105"]

1. g3 e5 2. Bg2 f5 3. d3 Nf6 4. Nf3 d6 5. O-O Be7 6. c4 O-O 7. Nc3 Qe8 8. c5
Qh5 9. cxd6 cxd6 10. Qb3+ Kh8 11. Bg5 Nc6 12. Bxf6 Rxf6 13. Nd5 Rh6 14. Nxe7
Nxe7 15. h4 Rf6 16. e3 h6 17. Rac1 g5 18. Rc7 Nc6 19. Rxc8+ Rxc8 20. Qxb7 Qe8
21. hxg5 Rb8 22. Qxb8 Nxb8 23. gxf6 Nd7 24. Nh4 Nxf6 25. Bh3 Qc6 26. Nxf5 h5
27. Bg2 Qa6 28. d4 Qxa2 29. b4 Qb2 30. b5 exd4 31. Nxd4 d5 32. Bf3 Kh7 33. Kg2
Kg6 34. Rh1 Ng4 35. Bxg4 hxg4 36. Rh4 Kg5 37. Rh7 Qa2 38. Rg7+ Kh5 39. Rd7 Kh6
40. Rd6+ Kh5 41. Ra6 Qb1 42. Rxa7 Kg6 43. Re7 Kf6 44. Re6+ Kf7 45. b6 Kf8 46.
Rf6+ Kg7 47. Rf4 Qxb6 48. Rxg4+ Kf6 49. Rf4+ Ke5 50. Nf3+ Ke6 51. Rd4 Qb1 52.
Ng5+ Ke5 53. Nh3 1-0

[Event "Elit(Kamraterna-Vasteras)"]
[Site "?"]
[Date "2011.03.13"]
[Round "11"]
[White "Borvander, Tom"]
[Black "Sandberg, Richard"]
[Result "1/2-1/2"]
[WhiteElo "2221"]
[BlackElo "2246"]
[PlyCount "124"]
[EventDate "2011.??.??"]

1. d4 d6 2. Nf3 g6 3. c4 Bg7 4. Nc3 Nf6 5. g3 O-O 6. Bg2 Nbd7 7. O-O e5 8. e4
a6 9. dxe5 dxe5 10. Qc2 c6 11. Rd1 Qe7 12. b3 b5 13. Bb2 b4 14. Na4 c5 15. Nd2
Bb7 16. Nf1 Bc6 17. Ne3 Bxa4 18. bxa4 Rad8 19. Nd5 Nxd5 20. cxd5 Qd6 21. a5 Rc8
22. Qc4 f5 23. Bf1 Rf6 24. exf5 gxf5 25. Rac1 Rh6 26. Rc2 e4 27. Bg2 Bxb2 28.
Rxb2 Ne5 29. Qb3 Rb8 30. f4 exf3 31. Bxf3 Rg6 32. Bg2 c4 33. Qe3 c3 34. Re2 Nc4
35. Qd4 Rc8 36. Rde1 Qc5 37. Re8+ Kf7 38. R1e7+ Qxe7 39. Rxe7+ Kxe7 40. Qd3 Nd6
41. Qc2 Rc5 42. Bf3 Rxa5 43. Qf2 Rb5 44. Bd1 Rxd5 45. Bb3 Ne4 46. Qa7+ Rd7 47.
Qb8 Rgd6 48. Qxb4 Kf6 49. g4 Rg7 50. h3 h5 51. Qb8 Kg5 52. Qf8 Kh6 53. Qxf5
hxg4 54. hxg4 Rxg4+ 55. Qxg4 Rg6 56. Qxg6+ Kxg6 57. Kf1 Kf6 58. Ke2 Ke5 59. Kd3
Nc5+ 60. Kxc3 Nxb3 61. Kxb3 Kd5 62. Kb4 Kc6 1/2-1/2